[Event "Marienbad GM-II 2022"]
[Site "Marianske Lazne"]
[Date "2022.01.22"]
[Round "9.7"]
[White "Rasik, Vitezslav"]
[Black "Sorm, Daniel"]
[Result "1/2-1/2"]
[WhiteElo "2424"]
[BlackElo "2348"]
[Annotator "TA"]
[PlyCount "149"]
[EventDate "2022.01.15"]
[EventType "tourn"]
[EventCountry "CZE"]
[SourceTitle "playchess.com"]
[Source "ChessBase"]
[SourceQuality "1"]

{[%evp 17,149,0,6,12,4,10,5,7,27,36,35,4,22,21,15,25,40,-15,0,-35,-37,-57,-44,-47,-44,-46,-48,-53,-49,-51,-29,-43,-36,-28,-29,-29,-21,-21,-21,-27,-21,-21,-21,-21,-21,-21,-21,-21,-21,-29,-12,-21,-21,-28,-21,-25,-35,-37,-34,-65,-65,-65,-65,-65,-65,-65,-65,-91,0,0,0,-91,-65,-65,-65,-65,0,0,0,-65,-65,-65,-65,-65,0,0,0,-65,-65,-65,-65,-65,-65,-65,-65,-65,-65,-65,-65,-65,-65,-78,-65,-65,-65,-65,0,0,0,0,0,0,0,0,0,0,0,0,-91,-55,0,0,0,0,0,0,0,0,0,0,0,0,0,0]} 1. e4 e6 2. d3 d5 3. Nd2 c5 4. Ngf3 Nc6 5. g3 Bd6 6. Bg2 Nge7 7. O-O O-O 8. Re1 Qc7 9. c3 d4 10. Nc4 {[#] Strongly threatening e5. A08: King's Indian Attack.} e5 11. cxd4 cxd4 12. Bd2 b5 13. Nxd6 Qxd6 {[#]} 14. Rf1 $146 ({Predecessor:} 14. Rc1 f6 15. Qc2 Be6 16. Qc5 Qxc5 17. Rxc5 Bxa2 18. Ra1 Be6 19. Rxb5 Rab8 20. Rxb8 Rxb8 {0-1 (37) Klinova,M (2263)-Hoolt,S (2315) Chess.com INT 2021}) 14... f6 15. Ne1 Be6 16. f4 exf4 17. Bxf4 ({White should try} 17. gxf4 $14 a5 18. a3) 17... Ne5 18. Qh5 N7g6 19. Bh3 Bxh3 ({Of course not} 19... Nxf4 20. gxf4 Bxh3 21. Qxh3 $11) 20. Qxh3 Rac8 21. Bd2 Rc6 22. Qh5 Rfc8 23. Qd1 Qe6 (23... h6 {keeps more tension.} 24. a4 Rb6 25. axb5 Rxb5 26. b4 Qd7) 24. Qb3 Qxb3 25. axb3 a6 26. h3 Nf8 27. Kf2 g5 28. Ke2 Nfd7 29. b4 Kg7 30. Ra2 Ra8 31. Rf5 h6 32. Rf1 Kg6 33. Ng2 Nb6 34. b3 Nbd7 {[%cal Bb6d7,Bd7f8,Bf8e6][%mdl 32]} 35. Rc1 Rac8 36. Rxc6 (36. Rca1 {seems wilder.} Nb8 37. Ne1 Re8 38. Nc2 Rd6 39. Rf1) 36... Rxc6 37. Ne1 Nf8 38. Rc2 Rxc2 39. Nxc2 $15 {[%mdl 4096] Endgame KBN-KNN} Ne6 40. Be1 h5 41. Bf2 Nc6 42. Kf3 Ne5+ 43. Ke2 Nc6 44. Kf3 $1 Kf7 45. Bg1 Ke7 46. Bf2 Ne5+ 47. Ke2 Nc6 48. Kf3 $1 Kd6 49. Bg1 Kc7 50. Bf2 Ne5+ 51. Ke2 Nc6 52. Kf3 $1 {To avoid g4+} Kb7 53. Ke2 Kb6 54. Be1 Kc7 55. Bf2 Kd6 56. Kf3 Ke7 57. Bg1 Kf7 58. Bf2 Kg6 59. Bg1 f5 60. exf5+ Kxf5 61. Bf2 Ne5+ (61... g4+ $15 62. hxg4+ hxg4+ 63. Ke2 Ke5) 62. Ke2 $11 g4 63. hxg4+ Kxg4 {White must now prevent ...Nc6.} 64. Nxd4 Nxd4+ 65. Bxd4 {KB-KN} Nc6 66. Bc5 Kxg3 67. Ke3 $1 h4 (67... Kg4 $11) 68. d4 $17 {[%cal Bd3d4,Bd4d5][%mdl 32]} h3 (68... Kg4 $1 $15) 69. d5 $11 {The position is equal.} ({Reject} 69. Bd6+ Kg4 70. d5 {[#]} Nxb4 $1 $17) 69... h2 70. Bd6+ Kh3 71. Bxh2 $1 Nxb4 72. Be5 Nxd5+ 73. Kd4 Nb6 74. Bg7 Kg4 75. Kc5 {Weighted Error Value: White=0.06 (flawless) /Black=0.07 (flawless)} 1/2-1/2

[Event "Marienbad GM-II 2022"]
[Site "Marianske Lazne"]
[Date "2022.01.22"]
[Round "9.8"]
[White "Malinovsky, Karel"]
[Black "Ghazarian, Kirk"]
[Result "1/2-1/2"]
[WhiteElo "2471"]
[BlackElo "2346"]
[Annotator "TA"]
[PlyCount "65"]
[EventDate "2022.01.15"]
[EventType "tourn"]
[EventCountry "CZE"]
[SourceTitle "playchess.com"]
[Source "ChessBase"]
[SourceQuality "1"]

{[%evp 12,65,31,2,43,37,41,27,15,0,0,-24,-21,-19,-22,-12,-23,-60,-56,-75,-58,-69,-33,-91,-89,-69,-79,-81,-12,-20,-12,-18,-18,-21,-3,-9,4,4,5,0,0,0,0,0,0,0,0,0,0,0,0,0,0,0,0,0]} 1. e4 c5 2. Nf3 Nc6 3. d4 cxd4 4. Nxd4 Nf6 5. Nc3 d6 6. Bg5 e6 7. Qd3 Bd7 {B62: Sicilian: Richter-Rauzer: 6...e6: Unusual White 7th moves.} (7... Be7 $11 {deserves consideration.}) 8. O-O-O $14 {Strongly threatening Ndb5.} a6 {Inhibits Ndb5.} 9. Nxc6 Bxc6 {White has an edge.} 10. Qg3 h6 {[#]} 11. Qh4 $146 (11. Bxf6 $5 Qxf6 12. Qe3 $11) ({Predecessor:} 11. Bf4 Nh5 12. Qg4 Nxf4 13. Qxf4 Qg5 14. Qxg5 hxg5 15. h3 Be7 16. Bd3 Bf6 17. Ne2 {0-1 (41) Lagno,K (2546)-Jacobson,B (2491) Chess.com INT 2021}) 11... Rg8 12. Bxf6 Qxf6 13. Qxf6 gxf6 14. a4 Rc8 15. h4 Be7 16. f3 Bd7 17. Rd4 (17. g4 $15) 17... Rc5 18. g4 h5 19. Be2 hxg4 (19... Bc6 $17) 20. fxg4 $11 {The position is equal.} Kf8 21. Kd2 Kg7 22. Nd1 Rgc8 23. Ne3 a5 24. b3 Bc6 25. Bd3 Rd8 26. Rh3 d5 27. exd5 Bxd5 28. Nxd5 Rcxd5 29. Rxd5 Rxd5 {KRB-KRB} 30. c3 Re5 31. Re3 Rxe3 32. Kxe3 f5 33. gxf5 {Weighted Error Value: White=0.10 (very precise) /Black=0.11 (very precise)} 1/2-1/2

[Event "Marienbad GM-II 2022"]
[Site "Marianske Lazne"]
[Date "2022.01.22"]
[Round "9.9"]
[White "Braeuer, Franz"]
[Black "Finek, Vaclav"]
[Result "1/2-1/2"]
[WhiteElo "2435"]
[BlackElo "2423"]
[Annotator "TA"]
[PlyCount "52"]
[EventDate "2022.01.15"]
[EventType "tourn"]
[EventCountry "CZE"]
[SourceTitle "playchess.com"]
[Source "ChessBase"]
[SourceQuality "1"]

{[%evp 11,52,-12,0,4,6,15,2,0,24,0,27,15,35,25,45,8,37,32,37,34,44,50,74,68,61,55,67,63,59,33,24,0,0,0,0,0,0,-16,0,-28,-27,-31,-40]} 1. Nf3 d5 2. g3 Nf6 3. Bg2 g6 4. c4 c6 5. O-O Bg7 6. d3 O-O 7. Qb3 {A07: Réti Opening: New York and Capablanca Systems.} Nbd7 8. Nc3 {[%cal Rc4d5]} dxc4 9. Qxc4 {The position is equal.} Nb6 10. Qh4 Nbd5 11. Bh6 Nxc3 12. bxc3 Qa5 {[#]} 13. c4 $146 ({Predecessor:} 13. Bxg7) 13... Bg4 14. Rfb1 Bxf3 15. Bxf3 Qc7 16. a4 Rfd8 {[%cal Of6h5]} 17. Ra2 Ne8 {[%cal Bf6e8,Be8g7,Bg7e6,Be6c5][%mdl 32]} 18. Bxg7 {White is more active.} Nxg7 19. Rab2 Rab8 20. Qg5 {Black must now prevent Qc5.} Ne6 {Inhibits Qc5.} 21. Qd2 (21. Qe3 $5 {[%cal Re3a7]}) 21... Nc5 22. Qb4 Qd6 23. Rd1 e5 {[%cal Oe5e4]} 24. Rbd2 {[%cal Od3d4]} Ne6 25. Qxd6 Rxd6 26. a5 Rbd8 {Weighted Error Value: White=0.08 (flawless) /Black=0.08 (flawless)} 1/2-1/2

[Event "Marienbad GM-II 2022"]
[Site "Marianske Lazne"]
[Date "2022.01.22"]
[Round "9.10"]
[White "Kusa, Jakub"]
[Black "Wachinger, Nikolas"]
[Result "0-1"]
[WhiteElo "2312"]
[BlackElo "2360"]
[Annotator "TA"]
[PlyCount "90"]
[EventDate "2022.01.15"]
[EventType "tourn"]
[EventCountry "CZE"]
[SourceTitle "playchess.com"]
[Source "ChessBase"]
[SourceQuality "1"]

{[%evp 20,90,0,0,0,0,0,0,0,-19,-26,-40,-33,-36,-37,-43,-29,-32,27,-8,-19,-22,-32,-14,-29,-108,-125,-106,-118,-108,-109,-98,-108,-106,-105,-98,-99,-175,-186,-208,-130,-170,-172,-257,-154,-154,-154,-154,-111,-505,-250,-250,-251,-1096,-610,-910,-702,-941,-810,-921,0,-951,0,-949,-935,-918,-905,-878,-839,-1248,-1121,-1710,-1669]} 1. d4 Nf6 2. Nf3 g6 3. c4 Bg7 4. Nc3 O-O 5. e4 d6 6. Be2 Nbd7 7. O-O e5 8. Be3 c6 9. dxe5 dxe5 10. h3 Qe7 11. Qc2 Nh5 {E94: King's Indian: Classical: 6 Be2 e5 7 0-0: Various Black 7th moves.} 12. Rfd1 Nf4 13. Bf1 Ne6 {The position is equal.} 14. a3 f5 15. exf5 gxf5 16. b4 a5 17. Rab1 {[#]} axb4 $146 ({Predecessor:} 17... e4 18. Nd4 Nxd4 19. Bxd4 Bxd4 20. Rxd4 Ne5 21. Kh1 axb4 22. axb4 Be6 23. Na4 Bf7 {0-1 (37) Hjorth,J (2119)-Soh,E (2111) ICCF email 2014}) 18. axb4 Ra3 ({Black should play} 18... e4 $15 19. Nd4 Nxd4 20. Bxd4 Bxd4 21. Rxd4 Ne5) 19. c5 (19. Bc1 $5 {[%cal Rc1a3]} Ra8 20. Ne2 $11) 19... e4 20. Nd4 Ne5 {[%cal Oe5f3]} 21. Nce2 Nd3 {Prevents Nf4.} 22. Nxe6 (22. b5 $11) 22... Bxe6 $17 ({Resist} 22... Qxe6 23. Nf4 Nxf4 24. Bxf4 $16) 23. Nf4 {[%cal Rf1d3]} Ra2 {Black is much more active.} 24. Bxd3 {[%cal Of4e6]} Rxc2 25. Bxc2 Ba2 26. Bb3+ Bxb3 27. Rxb3 Rd8 28. Rxd8+ (28. Rdb1 $17) 28... Qxd8 $19 29. Ra3 Qd1+ 30. Kh2 Qb1 31. Ne6 {[#]} (31. Ra8+ {keeps fighting.} Kf7 32. Rd8) 31... Bf6 ({Stronger than} 31... Qxb4 32. Ra8+ Kf7 33. Nxg7 Kxg7 34. g3 $17) ({Better is} 31... Be5+ $1 $19 32. g3 Qxb4) 32. Ra8+ $17 Kf7 33. Nd8+ Ke7 (33... Kg6 $142 34. Nxb7 Qxb4) 34. g3 $2 {[%mdl 8192]} (34. Nxb7 $17 {nothing else works.} Qb2 35. Na5) 34... Qxb4 (34... h5 $142 {White must now prevent ...h4.} 35. h4 Qb2 36. Nxb7 Bd4 37. Bxd4 Qxd4) 35. Rb8 $19 {[%cal Od8c6] [#] Hoping for Nxc6+!} Qb5 36. Bf4 $2 (36. Nxb7 Kd7 37. Kg2) 36... Qxc5 37. Kg1 b5 38. Nb7 Qa7 39. Nd8 Qc5 40. Nb7 $1 Qa7 41. Nd8 $1 Qa1+ {Black is clearly winning.} 42. Kg2 Kd7 43. Nf7 Ke6 44. Nd6 Be5 45. Re8+ Kxd6 $1 {Weighted Error Value: White=0.68/Black=0.85} 0-1